Health seeking behaviours among Babcock University Teaching Hospital care seekers: Religio-socio-demographic implications for wholistic care / (Record no. 25133)

MARC details
000 -LEADER
fixed length control field 00644nam a22001697a 4500
003 - CONTROL NUMBER IDENTIFIER
control field AUA.1
005 - DATE AND TIME OF LATEST TRANSACTION
control field 20251015094735.0
008 - FIXED-LENGTH DATA ELEMENTS--GENERAL INFORMATION
fixed length control field 250701b |||||||| |||| 00| 0 eng d
040 ## - CATALOGING SOURCE
Transcribing agency JTL
100 ## - MAIN ENTRY--PERSONAL NAME
Personal name Nwaka, Ejii Promisen
245 ## - TITLE STATEMENT
Title Health seeking behaviours among Babcock University Teaching Hospital care seekers: Religio-socio-demographic implications for wholistic care /
Statement of responsibility, etc Ejii Promisen Nwaka.
260 ## - PUBLICATION, DISTRIBUTION, ETC. (IMPRINT)
Date of publication, distribution, etc c2023.
300 ## - PHYSICAL DESCRIPTION
Extent ix, 53 leaves :
Other physical details Illustrations :
Dimensions 30cm.
650 ## - SUBJECT ADDED ENTRY--TOPICAL TERM
Topical term or geographic name as entry element Chaplains, Hospital
650 ## - SUBJECT ADDED ENTRY--TOPICAL TERM
Topical term or geographic name as entry element Babcock University Teaching Hospital, Nigeria
General subdivision Chaplains
942 ## - ADDED ENTRY ELEMENTS (KOHA)
Source of classification or shelving scheme AUA Inhouse Classification
Koha item type Project
Classification part MChap
Item part .N83 2023
Holdings
Withdrawn status Lost status Source of classification or shelving scheme Damaged status Not for loan Collection code Home library Current library Shelving location Date acquired Source of acquisition Cost, normal purchase price Serial Enumeration / chronology Total Checkouts Full call number Barcode Date last seen Cost, replacement price Price effective from Koha item type
    Library of Congress Classification     JTL Research Collection Judith Thomas Library Judith Thomas Library Judith Thomas Library Research Section 01/07/2025 Theological Seminary 25.00 AUA27884   MChap .N83 2023 AUA27884 01/07/2025 25.00 01/07/2025 Project